Statistics for I Can Guess Your European Country (Quizzer6794 Edition)

Click here to take the quiz!

General Stats

  • This quiz has been taken 687 times
  • The average score is 5 of 46

Answer Stats

Country% Correct
(started)
100%
Liechtenstein
30%
Andorra
24%
Ukraine
15%
France
14%
Vatican City
14%
Italy
13%
Portugal
12%
Poland
11%
Serbia
11%
Switzerland
11%
Austria
10%
Iceland
10%
Ireland
10%
Latvia
10%
Moldova
10%
Netherlands
10%
Romania
10%
Croatia
9%
Finland
9%
Montenegro
9%
Norway
9%
Albania
8%
Belarus
8%
Bulgaria
8%
Germany
8%
Greece
8%
Malta
8%
Monaco
8%
Russia
8%
Belgium
7%
Bosnia
7%
Denmark
7%
Estonia
7%
Kosovo
7%
Lithuania
7%
Slovenia
7%
Spain
7%
Hungary
6%
Luxembourg
6%
Slovakia
6%
Sweden
6%
United Kingdom
6%
Czech Republic
5%
Macedonia
5%
San Marino
5%

Score Distribution

Percentile by Number Answered

Percent of People with Each Score

Your Score History

You have not taken this quiz